[Event "ICA Players Mem-Open"]
[Site "Boise, ID"]
[Date "2011.05.14"]
[Round "2.7"]
[White "Harris, Hank"]
[Black "Booth, Tom R"]
[Result "0-1"]
[WhiteElo "1686"]
[BlackElo "1621"]

1. e4 e6 2. d4 d5 3. e5 c5 4. c3 Nc6 5. Nf3 Qb6 6. Bd3 cxd4 7. O-O Nge7 8. a4
Nf5 9. Bxf5 exf5 10. cxd4 Be7 11. Nc3 Be6 12. h4 O-O 13. g3 a6 14. Rb1 Rac8
15. Be3 Na5 16. Kg2 Nc4 17. Bg5 Qd8 18. Rh1 f4 19. Qe2 fxg3 20. fxg3 Bg4 21.
Qd3 Bxf3+ 22. Kxf3 f6 23. Kg2 fxg5 24. hxg5 g6 25. b3 Nxe5 26. dxe5 d4 27.
Rxh7 Kxh7 28. Rh1+ Kg7 29. Ne4 Qd5 30. Kg1 {#R} 0-1

[Event "ICA Players Mem-Open"]
[Site "Boise, ID"]
[Date "2011.05.14"]
[Round "3.7"]
[White "Longhurst, Corey Kenneth"]
[Black "Harris, Hank"]
[Result "0-1"]
[WhiteElo "1242"]
[BlackElo "1686"]

1. d4 Nf6 2. c4 e5 3. Bg5 exd4 4. Qxd4 Be7 5. Nf3 Nc6 6. Qd3 O-O 7. a3 d6 8.
Nc3 h6 9. Bxf6 Bxf6 10. e3 Bg4 11. Be2 Bh5 12. b4 Bg6 13. Qd2 a6 14. Rc1 Ne7
15. O-O a5 16. b5 b6 17. Rfd1 Bf5 18. Nd4 Be6 19. Ne4 Bxd4 20. Qxd4 Nf5 21.
Qc3 Qe7 22. Bf3 Rad8 23. g3 Kh8 24. Qc2 d5 25. Nd2 d4 26. e4 d3 27. Qc3 Nd4
28. Qxd3 Nxb5 29. Qe3 Nd4 30. Bg2 c5 31. f4 Bg4 32. Re1 Qd7 33. f5 Nxf5 34.
exf5 Qxd2 35. Qe4 Rd4 36. Qe7 Rdd8 37. f6 Qd4+ 38. Kh1 Qxf6 39. Qe3 Qd4 40.
Qb3 Rb8 41. Rf1 Be6 42. Rf4 Qd6 43. Rd1 Qc7 44. Qc3 Rfd8 45. Rdf1 Rd4 46. h3
Rxf4 47. Rxf4 Qd6 48. Kh2 Rd8 49. Rh4 Kg8 50. Be4 Qd2+ 51. Qxd2 Rxd2+ 52. Kg1
Ra2 53. Bd5 Rxa3 54. Re4 Rxg3+ 55. Kf2 Rg6 56. h4 Rf6+ 57. Ke3 Bf5 58. Re8+
Kh7 59. h5 g5 60. Re7 Kg7 61. Bf3 g4 62. Bd5 Bb1 63. Kd2 g3 64. Re2 Rf2 65.
Rxf2 gxf2 66. Ke2 a4 67. Kxf2 a3 {#R} 0-1

[Event "ICA Players Mem-Open"]
[Site "Boise, ID"]
[Date "2011.05.15"]
[Round "4.8"]
[White "Harris, Hank"]
[Black "Edvalson, Paul F"]
[Result "1/2-1/2"]
[WhiteElo "1686"]
[BlackElo "1447"]

1. e4 d5 2. exd5 Nf6 3. Nf3 Nxd5 4. c4 Nb6 5. d4 Bg4 6. Qd3 Nc6 7. d5 Bxf3 8.
Qxf3 Ne5 9. Qe4 Ng6 10. Bd3 Qd6 11. O-O O-O-O 12. Nc3 a6 13. a4 e6 14. a5 exd5
15. Qg4+ Nd7 16. Bf5 Kb8 17. Bxd7 Rxd7 18. c5 Qe6 19. Qxe6 fxe6 20. c6 bxc6
21. Rd1 Be7 22. b4 Kc8 23. Rb1 Bf6 24. Na4 Be7 25. Be3 Kd8 26. Nc5 Bxc5 27.
bxc5 Ke7 28. Rb7 Ra8 29. Rdb1 d4 30. Bg5+ Kf7 31. Bd2 e5 32. Rb8 Ra7 33. R1b7
Rxb7 34. Rxb7 e4 35. Ra7 e3 36. fxe3 dxe3 37. Bxe3 Ne5 38. h3 Nc4 39. Kf2 Nxa5
40. Rxa6 Nc4 41. Rxc6 Nxe3 42. Kxe3 h6 43. h4 Re7+ 44. Kf4 g6 45. g4 Kg7 46.
g5 hxg5+ 47. hxg5 Kf7 48. Rf6+ Kg7 49. c6 {#d} 1/2-1/2

[Event "ICA Players Mem-Open"]
[Site "Boise, ID"]
[Date "2011.05.15"]
[Round "5.7"]
[White "Pentico, Christopher"]
[Black "Harris, Hank"]
[Result "1-0"]
[WhiteElo "1434"]
[BlackElo "1686"]

1. c4 e5 2. Nc3 Nf6 3. Nf3 Nc6 4. g3 Bc5 5. Na4 Bxf2+ 6. Kxf2 Ng4+ 7. Kg2 e4
8. Ne1 Qf6 9. Nd3 exd3 10. Qe1 O-O 11. h3 Nd4 12. hxg4 Qc6+ 13. e4 Qxa4 14.
Bxd3 d6 15. e5 g6 16. Qe3 Qd7 17. Qh6 f5 18. gxf5 Nxf5 19. Bxf5 Rxf5 20. d4
dxe5 21. d5 b5 22. b3 Bb7 23. Rh4 Raf8 24. Be3 Qg7 25. Re1 Qxh6 26. Rxh6 bxc4
27. bxc4 a5 28. Rh4 h5 29. Re4 R8f6 30. Bc5 Kf7 31. Rxe5 Rxe5 32. Rxe5 Re6 33.
Rxe6 {#r} 1-0

[Event "Sumr Classic (Open)"]
[Site "Boise, ID"]
[Date "2011.07.09"]
[Round "1.7"]
[White "Longhurst, Corey Kenneth"]
[Black "Harris, Hank"]
[Result "0-1"]
[WhiteElo "1287"]
[BlackElo "1534"]

1. d4 Nf6 2. c4 e5 3. dxe5 Ng4 4. Bf4 Nc6 5. Nf3 Bb4+ 6. Nbd2 Qe7 7. e6 fxe6
8. a3 Bd6 9. Bg3 Bxg3 10. hxg3 O-O 11. e3 Nce5 12. Qc2 g6 13. Be2 Nxf2 14.
Kxf2 Ng4+ 15. Kg1 Nxe3 16. Qd3 Nf5 17. Ne4 d5 18. cxd5 exd5 19. Qxd5+ Be6 20.
Qe5 Rae8 21. g4 Qd7 22. Qb5 c6 23. Qd3 Bd5 24. Neg5 Ng3 25. Rxh7 Nxe2+ 26. Kf2
Qd6 27. Re1 Qc5+ 28. Kf1 Ng3# 0-1

[Event "Sumr Classic (Open)"]
[Site "Boise, ID"]
[Date "2011.07.09"]
[Round "2.2"]
[White "Harris, Hank"]
[Black "Taylor, Tom"]
[Result "0-1"]
[WhiteElo "1534"]
[BlackElo "1810"]

1. e4 d5 2. exd5 Nf6 3. Nc3 Nxd5 4. Bc4 e6 5. Nge2 Be7 6. O-O O-O 7. d4 c6 8.
Ne4 Nd7 9. c3 N7f6 10. Bd3 b6 11. N2g3 Bb7 12. Nh5 Nxe4 13. Qg4 g6 14. Bxe4
Rc8 15. Bc2 Nf6 16. Nxf6+ Bxf6 17. Be4 Bg7 18. Bg5 Qd7 19. Qh3 c5 20. d5 Bxd5
21. Rad1 Qc6 22. f3 Bxe4 23. fxe4 c4 24. Rf4 Qc5+ {#R} 0-1

[Event "Sumr Classic (Open)"]
[Site "Boise, ID"]
[Date "2011.07.09"]
[Round "3.4"]
[White "Harris, Hank"]
[Black "Booth, Tom R"]
[Result "0-1"]
[WhiteElo "1534"]
[BlackElo "1621"]

1. e4 e6 2. d4 d5 3. e5 c5 4. c3 Nc6 5. Nf3 Qb6 6. Bd3 cxd4 7. O-O Nge7 8. a3
Ng6 9. Re1 Bd7 10. h4 Be7 11. g3 Qc7 12. cxd4 O-O-O 13. Nc3 Kb8 14. h5 Nf8 15.
Bf4 Rc8 16. Nxd5 exd5 17. e6 Bd6 18. exd7 Nxd7 19. Ne5 Rhf8 20. Bf5 Ncxe5 21.
dxe5 Bxe5 22. Rxe5 Nxe5 23. Bxc8 Rxc8 24. Qxd5 f6 25. Rc1 Qe7 26. Rxc8+ Kxc8
27. Bxe5 fxe5 28. Qg8+ Kc7 29. Qxh7 Qf6 30. h6 Qxh6 31. Qxh6 gxh6 32. Kg2 Kd6
33. Kf3 h5 34. Ke4 Ke6 35. f3 a6 36. a4 a5 37. b3 b6 38. Ke3 Kd5 39. Kd3 Kd6
40. Ke4 Ke6 41. f4 exf4 42. Kxf4 Kf6 43. g4 hxg4 44. Kxg4 Ke5 45. Kf3 Kd4 46.
Ke2 Kc3 47. Ke3 Kxb3 {#R} 0-1

[Event "Sumr Classic (Open)"]
[Site "Boise, ID"]
[Date "2011.07.10"]
[Round "4.5"]
[White "Pentico, Christopher"]
[Black "Harris, Hank"]
[Result "1-0"]
[WhiteElo "1434"]
[BlackElo "1534"]

1. Nf3 d5 2. d4 Nf6 3. c4 c5 4. Nc3 cxd4 5. Nxd4 e5 6. Ndb5 d4 7. Bg5 Be7 8.
Bxf6 Bxf6 9. Nd5 O-O 10. Nbc7 Bg5 11. g3 Na6 12. Nxa8 Qa5+ 13. b4 Nxb4 14. f4
Nxd5+ 15. Qd2 Nc3 16. fxg5 f6 17. Bg2 fxg5 18. Bd5+ Kh8 19. Rf1 Rxf1+ 20. Kxf1
Bh3+ 21. Kg1 Qd8 22. Bxb7 e4 23. e3 Qf6 24. exd4 Qf3 25. Re1 h6 26. Qf2 Qd3
27. Qe3 Qc2 28. Qf2 Qd3 29. c5 Kh7 30. Nc7 Nd1 31. Bxe4+ {#r} 1-0

[Event "Social Game"]
[Site "Boise, ID"]
[Date "2012.04.30"]
[Round "0"]
[White "Harris, Hank"]
[Black "Roland, Jeffrey T"]
[Result "0-1"]
[WhiteElo "1486"]
[BlackElo "1706"]

1. e4 e5 2. Nf3 Nc6 3. Bb5 a6 4. Ba4 Nf6 5. O-O Nxe4 6. Re1 Nc5 7. Bxc6 dxc6
8. d4 Ne6 9. Nxe5 Be7 10. c3 O-O 11. h3 f6 12. Nf3 Qd5 13. b3 Qh5 14. c4 Bd6
15. d5 Nf4 16. Bxf4 Bxf4 17. Nh2 Qxd1 18. Rxd1 Be5 19. Nd2 Bxa1 20. Rxa1 cxd5
21. cxd5 Rd8 22. Ndf3 Rxd5 23. Rc1 c6 24. Nf1 Be6 25. Ne3 Rd6 26. Ne1 Rad8 27.
N1c2 Rd2 28. f3 R8d3 29. Kh2 Rc3 30. Re1 Bf7 31. Rc1 Re2 32. Rd1 Bg6 33. Rd8+
Kf7 {#R} 0-1

[Event "Social Game"]
[Site "Boise, ID"]
[Date "2012.04.30"]
[Round "0"]
[White "Harris, Hank"]
[Black "Roland, Jeffrey T"]
[Result "0-1"]
[WhiteElo "1486"]
[BlackElo "1706"]

1. e4 e5 2. Nf3 Nc6 3. Bb5 a6 4. Ba4 d6 5. h3 Nge7 6. c3 Ng6 7. d4 Bd7 8. Bc2
Be7 9. O-O O-O 10. d5 Nb8 11. Re1 Qc8 12. Nh2 f5 13. exf5 Bxf5 14. Bb3 Bxb1
15. Rxb1 Qf5 16. Be3 Nd7 17. Bc2 Qf7 18. Ng4 Nf4 19. Be4 h5 20. Nh2 Nf6 21.
Bxf4 Nxe4 22. Rxe4 exf4 23. Nf3 Bf6 24. Qd3 g5 25. Re6 Rae8 26. Nxg5 Bxg5 27.
Rg6+ Kh8 28. Rxg5 Rg8 29. Qd4+ Kh7 30. Qd3+ Kh6 31. Rf5 Qg6 32. Rd1 Qxg2# {
Afterwards, we looked at what might have happened if Hank hadn't played
32.Rd1, and Hank actually came out on top. We didn't record the moves to that
scenario, however, as the game was already over.--Roland.} 0-1

[Event "MH Spring Chess Tourny"]
[Site "Mountain Home, ID"]
[Date "2013.05.04"]
[Round "1.3"]
[White "Winchell, Tom"]
[Black "Harris, Hank"]
[Result "1-0"]
[WhiteElo "1000"]
[BlackElo "1486"]

1. e4 d6 2. Nf3 e6 3. d3 g6 4. Nc3 Bg7 5. Bd2 Ne7 6. Be2 O-O 7. O-O c5 8. Qc1
Nbc6 9. Bh6 f6 10. Bxg7 Kxg7 11. Qd2 f5 12. exf5 exf5 13. Rae1 f4 14. Ng5 Ng8
15. Nge4 Nd4 16. Bd1 f3 17. Bxf3 Rxf3 18. Ne2 Nxe2+ 19. Rxe2 Rf5 20. Rfe1 Qc7
21. Ng3 Re5 22. Qc3 Nf6 23. Rxe5 dxe5 24. Rxe5 b6 25. Qe1 Bd7 26. Re7+ Kf8 27.
Qe3 Qd6 28. Re5 Ng4 29. Qf4+ Qf6 30. Qxf6+ Nxf6 31. h3 {Time Forfeit} {#r} 1-0

[Event "MH Spring Chess Tourny"]
[Site "Mountain Home, ID"]
[Date "2013.05.04"]
[Round "2.3"]
[White "Harris, Hank"]
[Black "Pentico, Christopher"]
[Result "1-0"]
[WhiteElo "1486"]
[BlackElo "1035"]

1. e4 c5 2. Ne2 Nf6 3. d3 d6 4. g3 g6 5. Bg2 Bg7 6. O-O O-O 7. c3 Na6 8. a4
Rb8 9. f4 Qa5 10. Nd2 b5 11. f5 b4 12. Nc4 Qc7 13. fxg6 fxg6 14. Nf4 bxc3 15.
bxc3 Bg4 16. Bf3 Bh3 17. Nxh3 Nd7 18. Bf4 Bxc3 19. Rc1 Bd4+ 20. Kh1 Ne5 21.
Ng5 Qd7 22. Nxe5 dxe5 23. Bg4 Qd6 24. Be6+ Kg7 25. Bd2 Rxf1+ 26. Qxf1 Rf8 27.
Bf7 Qf6 28. Ne6+ Kxf7 29. Nxf8 Kxf8 30. Qg2 Kg8 31. Rf1 Qc6 32. Bh6 {#r} 1-0

[Event "MH Spring Chess Tourny"]
[Site "Mountain Home, ID"]
[Date "2013.05.04"]
[Round "3.2"]
[White "Arnold, Kieran"]
[Black "Harris, Hank"]
[Result "0-1"]
[WhiteElo "1000"]
[BlackElo "1486"]

1. e4 d6 2. f4 e6 3. Nf3 Nc6 4. Bc4 d5 5. exd5 exd5 6. Be2 Nf6 7. Ne5 Nd4 8.
Na3 Bc5 9. d3 O-O 10. Be3 Qe7 11. Bxd4 Bxd4 12. Ng4 Nxg4 13. Qd2 Be3 14. Qc3
d4 15. Qb3 Be6 16. c4 Bf5 17. h3 Qh4+ 18. Kd1 Nf2+ 19. Kc2 Nxh1 20. Rxh1 Qf2
21. Kb1 Qxe2 22. Qc2 Bxd3 23. Rd1 Qxd1# 0-1

[Event "MH Spring Chess Tourny"]
[Site "Mountain Home, ID"]
[Date "2013.05.04"]
[Round "4.1"]
[White "Harris, Hank"]
[Black "Roland, Jeffrey T"]
[Result "1-0"]
[WhiteElo "1486"]
[BlackElo "1647"]

1. e4 e6 2. g3 d5 3. Bg2 c5 4. e5 Nc6 5. Nf3 Qc7 6. Qe2 f6 7. exf6 gxf6 8. Nc3
a6 9. Nxd5 Qd8 10. Nh4 Kd7 11. Nf4 Nd4 12. Qd3 Bd6 13. Ne2 Qb6 14. Nxd4 cxd4
15. O-O Ne7 16. c3 Nc6 17. a4 Kc7 18. b4 dxc3 19. dxc3 Ne5 20. Qc2 Kb8 21. Rb1
Bd7 22. c4 Bxb4 23. c5 Qa5 24. Bf4 Ka7 25. Bxe5 fxe5 26. Rxb4 Qxb4 27. Rb1
Qxb1+ 28. Qxb1 Bc6 29. Qb6+ {#r} 1-0

[Event "ICA Summer Classic (Open)"]
[Site "Boise, ID"]
[Date "2013.08.17"]
[Round "1.9"]
[White "Harris, Hank"]
[Black "Roland, Jeffrey T"]
[Result "0-1"]
[WhiteElo "1486"]
[BlackElo "1731"]
[EventRounds "5"]
[EventCountry "USA"]

1. e4 e5 2. Nf3 Nc6 3. Bb5 a6 4. Ba4 Nf6 5. O-O Nxe4 6. Nxe5 Nxe5 7. Re1 Nc5
8. Rxe5+ Be7 9. Nc3 O-O 10. d4 Nxa4 11. Nxa4 b5 12. Nc3 Bb7 13. Qg4 Bf6 14.
Bg5 d6 15. Ne4 Bxe4 16. Bxf6 Qxf6 17. Rxe4 Rae8 18. Rae1 Qxd4 19. c3 Rxe4 20.
Rxe4 Qd2 21. h3 f5 {#R} 0-1

[Event "ICA Summer Classic (Open)"]
[Site "Boise, ID"]
[Date "2013.08.17"]
[Round "2.11"]
[White "Lundy III, George W"]
[Black "Harris, Hank"]
[Result "0-1"]
[WhiteElo "1584"]
[BlackElo "1486"]
[EventRounds "5"]
[EventCountry "USA"]

1. e4 g6 2. Nf3 d6 3. d4 Bg7 4. c4 Nc6 5. Nc3 Bg4 6. Be3 e6 7. Be2 Nge7 8. h3
Bxf3 9. Bxf3 O-O 10. O-O f5 11. Qd2 e5 12. d5 f4 13. Bxf4 exf4 14. dxc6 Nxc6
15. Nd5 Be5 16. Rab1 Nd4 17. Qd3 h5 18. b3 Rf7 19. Nb4 Rh7 20. Nc2 Nxf3+ 21.
gxf3 c6 22. Ne1 Qg5+ 23. Ng2 Kg7 24. Kh2 h4 25. Rg1 Qg3+ {#R} 0-1

[Event "ICA Summer Classic (Open)"]
[Site "Boise, ID"]
[Date "2013.08.17"]
[Round "3.7"]
[White "Harris, Hank"]
[Black "Sanderson, Kenneth"]
[Result "1/2-1/2"]
[WhiteElo "1486"]
[BlackElo "1700"]
[EventRounds "5"]
[EventCountry "USA"]

1. e4 e6 2. g3 d5 3. e5 c5 4. c3 Nc6 5. d4 Qb6 6. Nf3 c4 7. b3 f6 8. Nh4 g6 9.
bxc4 fxe5 10. c5 Qd8 11. Qg4 Nf6 12. Qd1 exd4 13. cxd4 Bd7 14. Bd3 Ne7 15. Qc2
Nf5 16. Nxf5 exf5 17. O-O Qe7 18. Ba3 Bc6 19. Nc3 O-O-O 20. Nb5 Bxb5 21. c6
Qc7 22. cxb7+ Kxb7 23. Qxc7+ Kxc7 24. Bxf8 Bxd3 25. Rfc1+ Bc4 26. Bg7 Rhe8 27.
Bxf6 Rd7 28. Be5+ Kc8 29. Rab1 Rb7 30. Rxb7 Kxb7 31. Rb1+ Kc6 32. a3 a5 33. h4
h5 34. f4 Re6 35. Rb8 Ba6 36. Rb2 Bb5 37. Kf2 Re7 38. Ke1 Rb7 39. Kd2 Ba4 40.
Rxb7 Kxb7 41. Kc3 Kc6 42. Bf6 Kb5 43. Be7 {#d} 1/2-1/2

[Event "ICA Summer Classic (Open)"]
[Site "Boise, ID"]
[Date "2013.08.18"]
[Round "4.8"]
[White "Machin, Alex James"]
[Black "Harris, Hank"]
[Result "1-0"]
[WhiteElo "1569"]
[BlackElo "1486"]
[EventRounds "5"]
[EventCountry "USA"]

1. c4 g5 2. d4 h6 3. Nc3 Bg7 4. e4 c5 5. Be3 cxd4 6. Bxd4 e5 7. Bc5 b6 8. Bd6
Ne7 9. Nb5 Na6 10. Nf3 O-O 11. Nxe5 Bxe5 12. Bxe5 Bb7 13. Nd6 Bc6 14. Bf6 Nc5
15. Qg4 Qc7 16. Bxe7 Rfe8 17. Nf5 Rxe7 18. Nxe7+ Kf8 19. Nd5 Qe5 20. Be2 Nxe4
21. O-O Nd2 22. Rfd1 Qxb2 23. Bd3 Ba4 24. Re1 d6 25. Qf5 Qg7 26. Qf6 Rc8 27.
Qe7+ Kg8 28. Nf6+ Kh8 29. Re2 Nf3+ 30. gxf3 Bc6 31. Rae1 h5 32. Qe8+ Bxe8 33.
Rxe8+ Rxe8 34. Rxe8+ {#r} 1-0

[Event "ICA Summer Classic (Open)"]
[Site "Boise, ID"]
[Date "2013.08.18"]
[Round "5.8"]
[White "Harris, Hank"]
[Black "Hamilton, Brett B"]
[Result "0-1"]
[WhiteElo "1486"]
[BlackElo "1761"]
[EventRounds "5"]
[EventCountry "USA"]

1. e4 e5 2. Nf3 Nc6 3. Bb5 a6 4. Ba4 d6 5. h3 Bd7 6. c3 Nf6 7. d3 Be7 8. O-O
O-O 9. Re1 h6 10. Nbd2 b5 11. Bc2 Nh7 12. g4 h5 13. Nh2 Ng5 14. Kg2 Ne6 15.
Ndf1 Bg5 16. Be3 Nf4+ 17. Bxf4 Bxf4 18. Ng3 g6 19. gxh5 Qh4 20. Ng4 gxh5 21.
Rh1 hxg4 22. hxg4 Qxg4 23. Qxg4+ Bxg4 24. Rh2 Ne7 25. Rh4 Be6 26. Rah1 Bg5 27.
Rh7 Ng6 28. Nf5 Bxf5 29. exf5 Nf4+ 30. Kf3 Rfe8 31. d4 Ng6 32. Bb3 Nh4+ 33.
R7xh4 Bxh4 34. Rxh4 Kg7 35. Rg4+ Kf6 36. Bd5 Rab8 37. Bc6 Rh8 38. d5 Rbg8 39.
Rxg8 Rxg8 40. Bb7 a5 41. Ba6 b4 42. cxb4 axb4 43. Bb5 Rh8 44. Kg4 Rh1 45. Bd3
Rd1 46. Bc4 Rd4+ {#R} 0-1

[Event "ICA PM (Open)"]
[Site "Boise, ID"]
[Date "2013.09.21"]
[Round "1.3"]
[White "Hughes, Charles"]
[Black "Harris, Hank"]
[Result "1-0"]
[WhiteElo "1701"]
[BlackElo "1486"]
[EventRounds "5"]
[EventCountry "USA"]

1. e4 g6 2. d4 Bg7 3. Bc4 e6 4. Bf4 d5 5. exd5 exd5 6. Bb3 Nc6 7. c3 Nf6 8.
Nf3 O-O 9. O-O b6 10. Re1 Na5 11. Bc2 Bg4 12. h3 Bxf3 13. Qxf3 Qd7 14. Nd2
Rae8 15. Bg5 Rxe1+ 16. Rxe1 Ne8 17. Be7 f5 18. Bxf8 Bxf8 19. Qe3 Nf6 20. b4
Nb7 21. Qe5 Ne4 22. Nxe4 fxe4 23. Rxe4 Nd6 24. Qxd5+ Kh8 25. Bb3 Qg7 26. Rf4
Nf5 27. Qa8 {#r} 1-0

[Event "ICA PM (Open)"]
[Site "Boise, ID"]
[Date "2013.09.21"]
[Round "2.5"]
[White "Roland, Jeffrey T"]
[Black "Harris, Hank"]
[Result "1-0"]
[WhiteElo "1701"]
[BlackElo "1486"]
[EventRounds "5"]
[EventCountry "USA"]

1. d4 Nf6 2. c4 d5 3. cxd5 Qxd5 4. Nc3 Qd8 5. e4 Nc6 6. d5 Ne5 7. f4 Neg4 8.
e5 Nd7 9. Qxg4 Nxe5 10. Qd1 Ng6 11. Bb5+ Bd7 12. Bxd7+ Qxd7 13. Nf3 e6 14. O-O
Bc5+ 15. Kh1 O-O 16. dxe6 Qxe6 17. Re1 Qf6 18. Ne4 Qf5 19. g4 Qxg4 20. Nxc5
Rad8 21. Qb3 c6 22. Rg1 Qh3 23. Ng5 Qh6 24. f5 Nh4 25. Nxf7 Qh5 26. Nxd8+ Kh8
27. Bh6 Qxh6 28. Nf7+ Rxf7 29. Qxf7 {#r} 1-0

[Event "ICA PM (Open)"]
[Site "Boise, ID"]
[Date "2013.09.22"]
[Round "4.6"]
[White "Harris, Hank"]
[Black "Sanderson, Kenneth"]
[Result "1/2-1/2"]
[WhiteElo "1486"]
[BlackElo "1700"]
[EventRounds "5"]
[EventCountry "USA"]

1. e4 e6 2. d4 d5 3. e5 c5 4. c3 Nc6 5. Nf3 Qb6 6. Bd3 c4 7. Bc2 Nge7 8. Nbd2
Nf5 9. Rb1 Qd8 10. O-O Be7 11. Re1 O-O 12. Nf1 Nh4 13. h3 Nxf3+ 14. Qxf3 Bg5
15. Ne3 f6 16. exf6 Rxf6 17. Qe2 Rf7 18. b3 b5 19. b4 Qe7 20. Qd1 Qf8 21. Ng4
Bxc1 22. Rxc1 Bd7 23. Bb1 Re8 24. Qc2 g6 25. Ne5 Nxe5 26. Rxe5 Rf5 27. Rce1
Re7 28. Qd2 Rxe5 29. Rxe5 Kg7 30. g3 Qf3 31. Bc2 Rf7 32. Bd1 Qd3 33. Qxd3 cxd3
34. f4 Rf5 35. Kf2 Kf7 36. Ke3 Ke7 37. g4 Rxe5+ 38. fxe5 g5 39. Kxd3 Kd8 40.
Be2 Kc7 41. Ke3 Be8 42. Bd3 Bg6 43. Bxg6 hxg6 44. Kf3 Kd7 45. Kg3 Ke7 46. h4
Kf7 47. a3 Kg8 48. Kf3 Kf7 49. Kf2 gxh4 50. g5 Ke7 51. Kg2 Kd7 52. Kh3 Kc6 53.
Kxh4 Kb6 54. Kg3 a5 55. Kf3 a4 {#d} 1/2-1/2

[Event "ICA PM (Open)"]
[Site "Boise, ID"]
[Date "2013.09.22"]
[Round "5.5"]
[White "Hamilton, Brett B"]
[Black "Harris, Hank"]
[Result "1/2-1/2"]
[WhiteElo "1761"]
[BlackElo "1486"]
[EventRounds "5"]
[EventCountry "USA"]

1. e4 g6 2. Nc3 Bg7 3. d4 d6 4. f4 e6 5. Nf3 Ne7 6. Bc4 O-O 7. O-O c6 8. Be3
b5 9. Bb3 a5 10. a3 Na6 11. Qd2 f5 12. Ng5 d5 13. e5 h6 14. h4 hxg5 15. hxg5
Kf7 16. Kf2 Rh8 17. Rh1 Bb7 18. g4 fxg4 19. Kg3 Nf5+ 20. Kxg4 Qc7 21. Bf2 c5
22. Ne2 c4 23. Ba2 b4 24. c3 b3 25. Rxh8 Rxh8 26. Bb1 Ke8 27. Bxf5 exf5+ 28.
Kg3 Bc8 29. Kg2 Be6 30. Qe3 Qd8 31. Rh1 Ke7 32. Qf3 Rxh1 33. Kxh1 Qh8+ 34. Kg2
{#d} 1/2-1/2

[Event "BCC #2"]
[Site "Boise, ID"]
[Date "2014.04.12"]
[Round "1.2"]
[White "Harris, Hank"]
[Black "Gorman, Cody Austin"]
[Result "0-1"]
[WhiteElo "1489"]
[BlackElo "1807"]

1. e4 b6 2. d4 Bb7 3. d5 e6 4. c4 Bb4+ 5. Bd2 Qe7 6. a3 Bxd2+ 7. Qxd2 exd5 8.
cxd5 Qxe4+ 9. Be2 Qxd5 10. Qe3+ Qe4 11. Qc3 Qxg2 12. Nd2 Nf6 13. Qe5+ Kd8 14.
O-O-O Qxh1 15. Ngf3 Qg2 16. Rg1 Qxf2 17. Nb3 Bxf3 18. Rxg7 Bxe2 19. Rxf7 Qe1+
20. Kc2 Bd1+ {#R} 0-1

[Event "Idaho Open"]
[Site "Boise, ID"]
[Date "2016.06.18"]
[Round "1.5"]
[White "Inman, James"]
[Black "Harris, Hank"]
[Result "1-0"]
[WhiteElo "1814"]
[BlackElo "1419"]
[EventRounds "5"]
[EventCountry "USA"]

1. d4 Nf6 2. c4 g6 3. Nc3 Bg7 4. e4 d6 5. h3 O-O 6. Bg5 c5 7. d5 h6 8. Be3
Nbd7 9. Nf3 a6 10. Qd2 Kh7 11. Bd3 Ne8 12. g4 f6 13. Qc2 Ne5 14. Nxe5 fxe5 15.
O-O-O Bd7 16. g5 h5 17. Rdf1 Rf3 18. h4 Nc7 19. Be2 Rh3 20. Rxh3 Bxh3 21. Rh1
Bd7 22. Na4 Bxa4 23. Qxa4 b5 24. Qc2 bxc4 25. Bxc4 Nb5 26. Qd3 Qb6 27. Qb3 Rb8
28. Bd2 Nd4 29. Qxb6 Rxb6 30. Rh3 Nb5 31. Rb3 Rb7 32. a4 Ra7 33. axb5 axb5 34.
Rxb5 Ra1+ 35. Kc2 Rh1 36. Rb7 Bf8 37. f4 Rxh4 38. fxe5 Rxe4 39. exd6 Rxc4+ 40.
Kd1 Rd4 41. dxe7 Bxe7 42. Rxe7+ Kg8 43. Re6 Rxd5 44. Rxg6+ Kf7 45. Rh6 Rd4 46.
Rxh5 Rg4 47. Rh6 c4 48. Rc6 Ke8 49. Rc7 Kd8 50. Rg7 Ke8 51. Kc2 Rg3 52. Rc7
Rg4 53. Kc3 {#r} 1-0

[Event "Idaho Open"]
[Site "Boise, ID"]
[Date "2016.06.18"]
[Round "1.6"]
[White "Harris, Hank"]
[Black "Casey, Garrett Wallace"]
[Result "0-1"]
[WhiteElo "1419"]
[BlackElo "1701"]
[EventRounds "5"]
[EventCountry "USA"]

1. e4 e6 2. d4 d5 3. e5 c5 4. c3 Nc6 5. Nf3 Bd7 6. Bd3 Qb6 7. O-O cxd4 8. cxd4
Nxd4 9. Nbd2 Nxf3+ 10. Nxf3 Bc5 11. Qe2 Ne7 12. a4 Nc6 13. Ng5 Bd4 14. Nxf7
Kxf7 15. Qh5+ g6 16. Qf3+ Ke8 17. Qf6 Bxe5 18. Bxg6+ hxg6 19. Qxg6+ Kd8 20.
Bg5+ Kc7 21. h4 Rag8 22. Qd3 Qb4 23. f4 Bd4+ 24. Kh1 Rxg5 25. fxg5 Rxh4+ {#R}
0-1

[Event "Idaho Open"]
[Site "Boise, ID"]
[Date "2016.06.18"]
[Round "2.10"]
[White "Harris, Hank"]
[Black "Siek, Justin"]
[Result "1-0"]
[WhiteElo "1419"]
[BlackElo "1193"]
[EventRounds "5"]
[EventCountry "USA"]

1. e4 e5 2. Nf3 Nc6 3. Bb5 Bc5 4. O-O d6 5. h3 Nf6 6. Re1 O-O 7. c3 Bb6 8. d4
exd4 9. cxd4 Nxd4 10. Nxd4 c6 11. Ba4 Re8 12. Nc3 Ba5 13. Bc2 d5 14. e5 Nd7
15. e6 Nf6 16. exf7+ Kxf7 17. Rxe8 Qxe8 18. Bg5 Qe5 19. Nf3 Qd6 20. Bxf6 Qxf6
21. Qd2 Kg8 22. Re1 Bd7 23. Nxd5 Qxf3 24. Ne7+ Kh8 25. Qxa5 Qf6 26. Qh5 h6 27.
Ng6+ Kg8 28. Ne7+ Kf8 29. Qc5 Qxb2 30. Bh7 Qf6 31. Nd5+ {#r} 1-0

[Event "Idaho Open"]
[Site "Boise, ID"]
[Date "2016.06.19"]
[Round "4.7"]
[White "Porth, Adam"]
[Black "Harris, Hank"]
[Result "0-1"]
[WhiteElo "1376"]
[BlackElo "1419"]
[EventRounds "5"]
[EventCountry "USA"]

1. d4 Nf6 2. c4 g6 3. Nf3 d6 4. g3 Bg7 5. Bg2 O-O 6. O-O c6 7. Nc3 Re8 8. e4
Na6 9. a3 Nc7 10. Be3 Rb8 11. d5 cxd5 12. cxd5 b6 13. Rc1 Ba6 14. Re1 Nd7 15.
Rc2 Bc4 16. Rc1 Nc5 17. Bxc5 bxc5 18. Nd2 Bb5 19. a4 Bd7 20. Nc4 Na6 21. Re3
Bd4 22. Re2 Bg4 23. Nb5 Bxe2 24. Qxe2 Bg7 25. e5 dxe5 26. Nxe5 Bxe5 27. Qxe5
Qd7 28. Rd1 Qg4 29. Ra1 Qb4 30. Bf1 Qd2 31. Nxa7 Rxb2 32. Qe3 Nb4 33. Qxd2
Rxd2 34. Bc4 Nxd5 35. Rc1 Rb8 36. Nb5 Nb4 37. Re1 e6 38. Re5 Ra8 39. Rxc5 Rxa4
40. Bb3 Ra1+ 41. Kg2 Nd3 42. Rc8+ Kg7 43. Rc7 Rxf2+ 44. Kh3 Rh1 45. Bxe6
Rhxh2+ 46. Kg4 Ne5+ 47. Kg5 h6# 0-1

[Event "Idaho Open"]
[Site "Boise, ID"]
[Date "2016.06.19"]
[Round "5.4"]
[White "Harris, Hank"]
[Black "Hamilton, Brett B"]
[Result "0-1"]
[WhiteElo "1419"]
[BlackElo "1700"]
[EventRounds "5"]
[EventCountry "USA"]

1. e4 c5 2. Nf3 Nc6 3. c3 g6 4. d4 cxd4 5. cxd4 Bg7 6. Nc3 a6 7. Be3 b5 8. a3
Bb7 9. Bd3 Nf6 10. h3 d6 11. O-O O-O 12. Rc1 Rc8 13. Bb1 b4 14. Na4 bxa3 15.
bxa3 Na5 16. Rxc8 Qxc8 17. Nb6 Qc3 18. e5 Nd5 19. Nxd5 Bxd5 20. exd6 exd6 21.
Qa4 Bc6 22. Qc2 Qxc2 23. Bxc2 Rb8 24. Rb1 Rxb1+ 25. Bxb1 Nc4 26. Bd3 Nxa3 27.
Bxa6 Nc2 28. Bd3 Nb4 29. Be2 Nd5 30. Nd2 f5 31. Bc4 Kf8 32. Bxd5 Bxd5 33. f4
Ke7 34. Kf2 h6 35. h4 Kd7 36. Nb1 Kc7 37. Nc3 Kc6 38. g3 Bb3 39. Ke2 d5 40.
Kd2 Bf8 41. Kc1 Ba3+ 42. Kd2 Kb6 43. Nb1 Bb2 44. Nc3 Ka5 45. Nd1 Ba1 46. Kc1
Bxd1 47. Kxd1 Kb4 48. Kc1 Kc4 49. Kc2 Bxd4 50. Bd2 Bf2 51. Bc3 d4 52. Ba5 Bxg3
{#R} 0-1